000 00522nam a2200181Ia 4500
005 20250326124629.0
008 250326s9999 xx 000 0 und d
037 _aTextbook
040 _aFMSL
_beng
_cFMSL
041 _aeng
_2eng
084 _aX:8:f K2;L0
_qFMSL
100 _aBlau P M
245 0 _aFormal organizations: comparatove approach
_cBlau P M; Scott W R
260 _aLondon
_bLondon, Routledge & Kegan Paul
_c1970
300 _a312p
942 _cTB
_hX:8:f K2;L0
999 _c1274479
_d1274479